000 00977nam0a22003011 4500
001 RU\INGAK2\INFOCOMM_322\NLR\5000158055
005 20250810071852.0
035 _a(NLR Aleph) 011032834
090 _a13328912
_c13328912
100 _a20130207d1944 u y0rusy50 ca
101 0 _ager
102 _aLV
105 _ay z||||
200 1 _aJānis Kuga
_eBühnenmalerei
_eBiographie, Selbstporträt und 57 Wiedergaben von Bühnenbildern
_fZiedonis Ligers
210 _aRiga
_cE. Druja-Foršū Verlag
_d1944
215 _a63 с.
_cфронт. (портр.), ил.
_d17 см
225 1 _aLettische Kunst
_v16
600 1 _aКуга
_bЯ.
_f1878-
_gЯнис
_2nlr_sh1
620 _aRīga
700 1 _aLigers
_bZ.
_gZiedonis
702 1 _aKuga
_bJ.
_gJānis
_4570
801 1 _aRU
_bInfoComm
_c20130207
801 0 _aRU
_bNLR
_gPSBO
852 _aNLR
_jИс31 Г-2/4
942 _cBOOK
945 _aРоссийская национальная библиотека
980 _aBV
980 _aNB